[Event "AUTO-BEG-56"]
[Site "http://www.queenalice.com/game.php?id=149811"]
[Date "2007.1.4"]
[Round "1"]
[White "mizu"]
[Black "Gmaissa"]
[Result "0-1"]
[WhiteElo "1018"]
[BlackElo "1232"]

1. e4 e5 2. Nf3 Nf6 3. Nc3 Bb4 4. a3 Bxc3 5. bxc3 d6 6. Bd3 Bg4 7. O-O O-O 8. h3
Bh5 9. Qe2 Re8 10. Bc4 h6 11. d3 c6 12. Qe3 d5 13. Ba2 Na6 14. a4 b6 15. Bb2 Nc5
16. Bb3 Bg6 17. a5 Nxb3 18. cxb3 dxe4 19. dxe4 Bxe4 20. axb6 Qxb6 21. Nd2 Qxe3
22. fxe3 Bd3 23. Rf3 Be4 24. Nxe4 Nxe4 25. c4 Nd2 26. Rf2 Nxb3 27. Rd1 Nc5 28.
Rd6 Ne4 0-1

[Event "AUTO-BEG-56"]
[Site "http://www.queenalice.com/game.php?id=149812"]
[Date "2007.1.4"]
[Round "1"]
[White "Gmaissa"]
[Black "MarcosSP41"]
[Result "1-0"]
[WhiteElo "1405"]
[BlackElo "1391"]

1. e4 e5 2. Nf3 Nf6 3. d4 Ng4 4. dxe5 Nc6 5. Nc3 Nb4 6. h3 Nh6 7. a3 Nc6 8. Bb5
a6 9. Bxc6 bxc6 10. O-O g5 11. Bxg5 Be7 12. Bxh6 Rb8 13. b4 Rg8 14. Be3 d5 15.
exd5 cxd5 16. Nxd5 Bd6 17. exd6 Bxh3 18. dxc7 Rxg2+ 19. Kh1 a5 20. cxd8=Q+ Rxd8
21. c4 Rd6 22. Rg1 Rxg1+ 23. Kxg1 Rg6+ 24. Kh2 Rh6 25. Bxh6 1-0

[Event "AUTO-BEG-56"]
[Site "http://www.queenalice.com/game.php?id=149813"]
[Date "2007.1.4"]
[Round "1"]
[White "MarcosSP41"]
[Black "Gmaissa"]
[Result "1-0"]
[WhiteElo "1458"]
[BlackElo "1366"]

1. e4 e5 2. Qf3 Nf6 3. g4 d6 4. g5 Ng8 5. Bc4 Be6 6. Bb3 Qxg5 7. Nh3 Qg4 8. Qxg4
Bxg4 9. Ng5 Bh5 10. d3 h6 11. Bxf7+ Bxf7 12. Nxf7 Kxf7 13. b3 Nf6 14. Ba3 Be7
15. Rg1 Rf8 16. Nc3 Nc6 17. Nb5 Rac8 18. c4 a6 19. Nc3 Nd4 20. O-O-O c6 21. Na4
Ne2+ 22. Kd2 Nxg1 23. Rxg1 Kg8 24. Nb6 Rce8 25. Bb2 Bd8 26. Nc8 Ba5+ 27. Bc3
Bxc3+ 28. Kxc3 Rxc8 29. a4 Nh5 30. Rg6 1-0

[Event "Desafio 04-01-2007 10:05"]
[Site "http://www.queenalice.com/game.php?id=150109"]
[Date "2007.1.4"]
[Round "-"]
[White "El_Montes"]
[Black "Gmaissa"]
[Result "0-1"]
[WhiteElo "1199"]
[BlackElo "1180"]

1. e4 e5 2. d3 Nf6 3. Nc3 Bb4 4. Bd2 Nc6 5. g3 O-O 6. Bh3 d6 7. Bxc8 Rxc8 8. Qe2
Nd4 9. Qe3 Nxc2+ 10. Kd1 Nxe3+ 11. Bxe3 a6 12. Nge2 c6 13. Rc1 Ng4 14. Ba7 c5
15. Nd5 Nxf2+ 16. Kc2 Nxh1 17. Rxh1 Ba5 18. Rf1 Ra8 19. b4 Bxb4 20. Nxb4 Rxa7
21. Nd5 b5 22. h3 Qd7 23. g4 a5 24. g5 Qxh3 25. Ne7+ Kh8 26. Rg1 Rxe7 27. Rg3
Qh2 28. Kd2 c4 29. dxc4 bxc4 30. Ke3 Rb7 31. Nc3 Qxg3+ 32. Kd2 Rb2+ 33. Kc1
Qxc3+ 34. Kd1 Qd2# 0-1

[Event "Desafio 04-01-2007 10:06"]
[Site "http://www.queenalice.com/game.php?id=150110"]
[Date "2007.1.4"]
[Round "-"]
[White "Gmaissa"]
[Black "El_Montes"]
[Result "1-0"]
[WhiteElo "1333"]
[BlackElo "1210"]

1. e4 e5 2. Nf3 Nc6 3. Bb5 Bc5 4. c3 a6 5. Ba4 Nf6 6. Bc2 O-O 7. d4 exd4 8. cxd4
Nxd4 9. Nxd4 Bxd4 10. Qxd4 d5 11. e5 Ne4 12. Bxe4 dxe4 13. Qxe4 Re8 14. O-O b5
15. Qxa8 Rxe5 16. Be3 h6 17. Nc3 b4 18. Ne2 a5 19. Rfd1 Qf8 20. Rac1 a4 21. b3
axb3 22. axb3 c5 23. Qc6 h5 24. Rxc5 Re6 25. Qxc8 Qxc8 26. Rxc8+ Kh7 27. Rb8 Re4
28. Ng3 Rh4 29. Rd4 Rxd4 30. Bxd4 g6 31. Rxb4 Kg8 32. Rc4 Kf8 33. b4 f5 34. Rc7
f4 35. Ne4 h4 36. b5 Ke8 37. b6 Kd8 38. Rh7 Kc8 39. Nd6+ Kb8 40. Nb5 g5 41. b7
g4 42. Be5# 1-0

[Event "AUTO-BEG-57"]
[Site "http://www.queenalice.com/game.php?id=151023"]
[Date "2007.1.7"]
[Round "1"]
[White "Gmaissa"]
[Black "fromTheCoast"]
[Result "1-0"]
[WhiteElo "1315"]
[BlackElo "1181"]

1. e4 e6 2. d4 c6 3. Nf3 d5 4. Nc3 dxe4 5. Nxe4 Qa5+ 6. Bd2 Qf5 7. Bd3 b5 8.
Nd6+ Bxd6 9. Bxf5 exf5 10. Qe2+ Ne7 11. O-O O-O 12. Rfe1 Nd5 13. c3 Na6 14. Ne5
Bb7 15. b3 Rfe8 16. f4 Nac7 17. c4 bxc4 18. bxc4 Bxe5 19. fxe5 f4 20. cxd5 cxd5
21. Bxf4 h6 22. Rac1 Ne6 23. Qb5 Rab8 24. Qb4 Nxf4 25. Rc3 g5 26. Rf3 Ng6 27.
Ref1 Nf4 28. R3f2 Nd3 29. Qd6 Red8 30. Qxh6 Nxf2 31. Qxg5+ Kf8 32. Rxf2 Rd7 33.
Qf5 Rbd8 34. e6 Re7 35. exf7 a5 36. Qh5 a4 37. Qh6# 1-0

[Event "AUTO-BEG-57"]
[Site "http://www.queenalice.com/game.php?id=151024"]
[Date "2007.1.7"]
[Round "1"]
[White "fromTheCoast"]
[Black "Gmaissa"]
[Result "0-1"]
[WhiteElo "1181"]
[BlackElo "1272"]

1. e3 e5 2. d3 d5 3. f3 Nf6 4. e4 Nc6 5. exd5 Nxd5 6. c4 Nb6 7. a4 a6 8. Ne2 Bd7
9. c5 Nd5 10. g4 Bxc5 11. d4 exd4 12. Bg2 Qe7 13. f4 Nb6 14. O-O Bxg4 15. Bf3
Bxf3 16. Rxf3 d3+ 17. Nd4 Bxd4+ 18. Kf1 O-O-O 19. Rxd3 Rhe8 20. Nd2 Rd6 21. Nb3
Qe4 22. Nxd4 Rxd4 23. Rd2 Qxf4+ 24. Kg2 Nxa4 25. b3 Nc3 26. Qf3 Rxd2+ 27. Bxd2
Qxd2+ 28. Kg3 Re3 0-1

[Event "AUTO-BEG-57"]
[Site "http://www.queenalice.com/game.php?id=151025"]
[Date "2007.1.7"]
[Round "1"]
[White "Gmaissa"]
[Black "El_Montes"]
[Result "0-1"]
[WhiteElo "1354"]
[BlackElo "1217"]

1. e4 e5 2. Nf3 Nc6 3. Bb5 Bc5 4. c3 a6 5. Bxc6 bxc6 6. Nxe5 Nh6 7. d4 Ba7 8.
O-O d6 9. Nxc6 Qf6 10. Nxa7 Rxa7 11. Be3 Bb7 12. Nd2 O-O 13. Qc2 a5 14. d5 Ng4
15. Bxa7 c5 16. h3 Ne5 17. c4 Ba6 18. b3 h6 19. Bb6 Re8 20. Bxa5 Ng6 21. Bc3 Qh4
22. Rfe1 Ne5 23. Bxe5 dxe5 24. Nf3 Qf4 25. a3 f5 26. exf5 e4 27. Re2 e3 28. fxe3
Qg3 29. e4 Kh8 30. b4 cxb4 0-1

[Event "AUTO-BEG-57"]
[Site "http://www.queenalice.com/game.php?id=151026"]
[Date "2007.1.7"]
[Round "1"]
[White "El_Montes"]
[Black "Gmaissa"]
[Result "0-1"]
[WhiteElo "1196"]
[BlackElo "1350"]

1. e4 e5 2. c4 Nf6 3. d3 Bc5 4. Be3 Bxe3 5. fxe3 d6 6. Nh3 O-O 7. d4 Nxe4 8. Bd3
Nf6 9. Nd2 Re8 10. O-O Bxh3 11. gxh3 Nc6 12. Nf3 e4 13. Bxe4 Nxe4 14. d5 Ne5 15.
Nd4 Qg5+ 16. Kh1 Nxc4 17. b3 Nxe3 18. Qd3 Qg2# 0-1

[Event "AUTO-BEG-57"]
[Site "http://www.queenalice.com/game.php?id=151027"]
[Date "2007.1.7"]
[Round "1"]
[White "Gmaissa"]
[Black "gardez2005"]
[Result "0-1"]
[WhiteElo "1296"]
[BlackElo "1409"]

1. e4 e5 2. Nf3 Nc6 3. Bb5 Nd4 4. Bc4 Bc5 5. Nxe5 Ne6 6. Nc3 Qf6 7. Nf3 d6 8. d3
Nh6 9. h3 O-O 10. O-O c6 11. Qe2 Bd7 12. Be3 Nf4 13. Qd2 Nxh3+ 14. gxh3 Qxf3 15.
Bxc5 Bxh3 16. Qg5 Ng4 17. Bd4 Qg2# 0-1

[Event "AUTO-BEG-57"]
[Site "http://www.queenalice.com/game.php?id=151028"]
[Date "2007.1.7"]
[Round "1"]
[White "gardez2005"]
[Black "Gmaissa"]
[Result "1/2-1/2"]
[WhiteElo "1504"]
[BlackElo "1365"]

1. d4 d5 2. c4 e6 3. Nc3 Nf6 4. Bg5 Be7 5. Nf3 h6 6. Bh4 O-O 7. e3 c5 8. dxc5
Bxc5 9. cxd5 exd5 10. Be2 Nc6 11. O-O Be6 12. Nb5 a6 13. Nbd4 Re8 14. Rc1 Nxd4
15. Nxd4 Rc8 16. a3 Be7 17. Qd3 Qd7 18. Nxe6 Qxe6 19. Bxf6 Bxf6 20. Rc2 Qb6 21.
b3 Rxc2 22. Qxc2 Qd6 23. a4 a5 1/2-1/2

[Event "AUTO-BEG-59"]
[Site "http://www.queenalice.com/game.php?id=153230"]
[Date "2007.1.12"]
[Round "1"]
[White "MarcosSP41"]
[Black "Gmaissa"]
[Result "1-0"]
[WhiteElo "1430"]
[BlackElo "1393"]

1. e4 e5 2. c4 Nc6 3. c5 Bxc5 4. Bc4 Nf6 5. Qb3 O-O 6. Nf3 Nxe4 7. Bd5 Bxf2+ 8.
Ke2 Nc5 9. Qc4 d6 10. Kxf2 Re8 11. Bxf7+ Kf8 12. Re1 e4 13. d3 Be6 14. Bxe6 Rxe6
15. dxe4 h6 16. Nc3 Ne5 17. Qd4 Ng4+ 18. Kg3 1-0

[Event "AUTO-BEG-59"]
[Site "http://www.queenalice.com/game.php?id=153231"]
[Date "2007.1.12"]
[Round "1"]
[White "Gmaissa"]
[Black "MarcosSP41"]
[Result "0-1"]
[WhiteElo "1379"]
[BlackElo "1445"]

1. e4 e5 2. Nf3 Nc6 3. Bb5 Nf6 4. O-O Ng4 5. h3 Nf6 6. d3 a6 7. Bxc6 dxc6 8.
Nxe5 Qd4 9. Nf3 Bd6 10. c3 Qb6 11. e5 O-O 12. exf6 gxf6 13. b3 Kh8 14. Be3 Qa5
15. Qd2 Rg8 16. Kh1 Qh5 17. Bf4 Qg6 18. Bg3 Bf5 19. Nh4 Qh5 0-1